Statistics for People Born on Islands

Click here to take the quiz!

General Stats

  • This quiz has been taken 17,607 times
    (17,594 since last reset)
  • The average score is 11 of 20

Answer Stats

Person Island % Correct
Fidel CastroCuba
98%
Usain BoltJamaica
96%
BonoIreland
84%
BjörkIceland
79%
NapoleonCorsica
70%
Jackie ChanHong Kong
67%
RihannaBarbados
66%
HirohitoHonshu
59%
Barack ObamaOahu
56%
J.K. RowlingGreat Britain
55%
Ricky MartinPuerto Rico
51%
Rafael NadalMallorca
46%
Theodore RooseveltManhattan
44%
Edmund HillaryNorth Island
42%
Jay-ZLong Island
42%
SapphoLesbos
41%
Wyclef JeanHispaniola
38%
ArchimedesSicily
37%
Mr. MiyagiOkinawa
28%
Søren KierkegaardZealand
23%

Score Distribution

Percentile by Number Answered

Percent of People with Each Score

Your Score History

You have not taken this quiz since the last reset